000 00620nam a2200241Ia 4500
003 OSt
005 20221007062306.0
006 a|||||r|||| 00| 0
007 ta
008 221006b |||||||| |||| 00| 0 eng d
024 _a25,858
037 _cTextual
040 _aFLL
_cFLL
_beng
041 _2eng
_aeng
082 _aZ2:94, K3
100 _aRamaswami P.N.
_9682550
245 0 _aLaw of evidence in India
250 _a11th
260 _aAllahabad
_bLaw Book Co. India
_c1963
300 _aiv,2043-2852p
_ccm.
942 _hZ2:94, K3
_cTEXL
_2CC
999 _c1128243
_d1128243